Kraje w których jest legalna marihuana - Statystyki

Ogólne statystyki
  • Ten quiz został rozwiązany 63 razy
  • Średni wynik to 11 z 14
Statystyki odpowiedzi
Hint Odpowiedź % Poprawnych
Ameryka Południowa Brazylia
98%
Ameryka Pólnocna Stany Zjednoczone
95%
Australia i Oceania Australia
93%
Ameryka Północna Kanada
93%
Ameryka Południowa Argentyna
88%
Ameryka Południowa Kolumbia
86%
Ameryka Południowa Chile
85%
Ameryka Północna Meksyk
81%
Ameryka Południowa Ekwador
78%
Ameryka Południowa Peru
78%
Ameryka Południowa Urugwaj
73%
Afryka Południowa Afryka
69%
Europa Malta
42%
Azja Gruzja
34%
Nie znaleziono quizów pasujących do podanych kryteriów
Rozkład punktacji
Procent ludzi z każdym wynikiem
Percentyl według liczby udzielonych odpowiedzi
Twoja historia wyników
Nie rozwiązałeś tego quizu